Responses for Show #1180 - Friday, October 20, 1989

Contestants

[<< previous game]

Carol Ruggiero, a teacher from Lynn Massachusetts

Ed Devin, a physician from Potomac, Maryland

Charley Horan, a photographic representative from Manhattan Beach, California (whose 2-day cash winnings total $15,601)

[next game >>]

Jeopardy! Round responses

1989
PEOPLE
COSMETICS
CRIME
GEOGRAPHY
IN OTHER WORDS...
    $100 12
apartheid

Charley
    $100 1
Ted Turner

Charley
    $100 26
shaving

Charley
    $100 8
(Ed: What is Darrow?)

Barrow

CharleyEd
    $100 3
Asia

Charley
    $100 14
(Ed: What is the Mad Hatter?)
(Alex: Who is the Mad... or no, that's not right.)
(Carol: Who is the Mad Hatter?)

mad as a hatter

EdCarol
Triple Stumper
    $200 18
Boys Town

Charley
    $200 2
Christina Onassis

Ed
    $200 27
(Ed: Who is Joan Collins?)

Linda Evans

EdCarol
    $200 9
the "Lindbergh Law"

Carol
    $200 4
West Indies

Charley
    $200 22
smarter than the average bear

Ed
    $300 19
(Charley: What is Flatbush?)

Coney Island

CharleyEd
    $300 15
Martina Navratilova

Charley
    $300 28
(Carol: What are fingernails?)
(Charley: What are split ends?)
[The end-of-round signal sounds.]

eyelashes

CharleyCarol
Triple Stumper
    $300 10
fingerprints

Carol
    $300 5
Chile

Charley
    $300 23
Jimmy crack corn and I don't care

Triple Stumper
    $400 20
sunspots (or solar flares)

Ed
    $400 16
Pat Summerall

Charley
    $400 11
income tax evasion

Ed
    $400 6
(Ed: What are British Columbia & the Northwest Territories?)

British Columbia & Nova Scotia (& New Brunswick)

EdCarol
    $400 24
when you've seen one you've seen them all

Charley
    $500 21
Boris Yeltsin

Ed
    $500 17
Rudolf Nureyev

Triple Stumper
    $500 13
Adnan Khashoggi

Charley
    $500 7
(Ed: What is Angola?)

Algeria

Ed
Triple Stumper
    $500 25
lock, stock and barrel

Charley

Scores at the first commercial break (after clue 13):

Charley Ed Carol
$1,400 -$400 $900

Scores at the end of the Jeopardy! Round:

Charley Ed Carol
$2,700 $700 $700

Double Jeopardy! Round responses

THE ANIMAL KINGDOM
BOOKS & AUTHORS
FOOD FACTS
ART
AVIATION
COLORFUL TV SHOWS
    $200 7
the shell

Carol
    $200 17
the Bible

Ed
    $200 6
the ears

Ed
    $200 13
silhouettes

Carol
    $200 12
Eastern Airlines

Carol
    $200 1
[Carol selected the first clue.]

The Golden Girls

Carol
    $400 18
Antarctica

Charley
    $400 8
(Carol: What is octopus?)

squid (or cuttlefish)

CharleyCarol
    $400 14
the Michelin Man

Charley
    $400 22
$4

Ed
    $400 2
The Blue Knight

Charley
    $600 19
wings

Charley
    $600 9
pizza

Charley
    $600 15
impressionist

Carol
    $600 28
[end-of-round signal sounds]

sortie

Charley
    $600 3
The White Shadow

Carol
    $800 20
whale

Charley
    $2,000 26
(Ed: What is the senator from New York...what's his name...how could...who is Daniel Moynihan?)

Daniel Patrick Moynihan

Ed
    $800 10
couscous

Carol
    $800 16
enameling/cloisonne

Triple Stumper
    $800 27
767

Ed
    $800 4
The Black Sheep Squadron (or Baa Baa Black Sheep)

Charley
    $1000 21
(Ed: What is a slug?)

sloth

Ed
Triple Stumper
    $1000 25
(Ed: Who is Richard Francis Burton?)

Edward Fitzgerald

Ed
Triple Stumper
    $1000 11
coconut oil

Charley
    $1,500 24
Rembrandt

Ed
    $1000 23
Alaska Airlines

Ed
    $1000 5
Tenspeed and Brown Shoe

Charley

Scores at the end of the Double Jeopardy! Round:

Charley Ed Carol
$9,700 $4,800 $3,100
(lock game)

[wagering suggestions for these scores]

Final Jeopardy! Round responses

STATE CAPITALS
CarolWhat is Denver, Col?
$2,100
EdWhat is Santa Fe, N.M.
$4,800
CharleyWhat is Santa Fe?
$99
Santa Fe, New Mexico

Final scores:

Charley Ed Carol
$9,799 $9,600 $1,000
3-day champion: $25,400 2nd place: Trip to San Francisco including Sonoma Safari wine country tour 3rd place: Lloyd Flanders All-Weather wicker patio furniture + Nintendo Entertainment System with Family & Junior Editions of Jeopardy! & Wheel of Fortune

Game dynamics:

Coryat scores:

Charley Ed Carol
$9,700 $3,100 $3,100
24 R,
2 W
13 R
(including 2 DDs),
7 W
11 R,
3 W

Combined Coryat: $15,900

[game clues] [game scores] [suggest correction]

Game tape date: 1989-06-26
The J! Archive is created by fans, for fans. Scraping, republication, monetization, and malicious use prohibited; this site may use cookies and collect identifying information. See terms. The Jeopardy! game show and all elements thereof, including but not limited to copyright and trademark thereto, are the property of Jeopardy Productions, Inc. and are protected under law. This website is not affiliated with, sponsored by, or operated by Jeopardy Productions, Inc. Join the discussion at JBoard.tv.